Statystyki dla Wszystkie gry Pokemon

Kliknij tutaj aby rozwiązać quiz!

Ogólne statystyki

  • Ten quiz został rozwiązany 180 razy
    (155 od ostatniego zresetowania)
  • Średni wynik to 27 z 37

Statystyki odpowiedzi

GraKonsola, na jaką ją wydanoStarteryGeneracjaKlasyfikacjaRok wydaniaMaskotka% Poprawnych
Pokemon RedGame BoyBulbasaur, Charmander, SquirtleIOryginalna gra1998Charizard
98%
Pokemon YNintendo 3DSChespin, Fennekin, FroakieVIOryginalna gra2013Yveltal
96%
Pokemon BlueGame BoyBulbasaur, Charmander, SquirtleIOryginalna gra1998Blastoise
94%
Pokemon YellowGame BoyPikachuIWydanie specjalne1998Pikachu
93%
Pokemon XNintendo 3DSChespin, Fennekin, FroakieVIOryginalna gra2013Xerneas
88%
Pokemon FireRedGame Boy AdvanceBulbasaur, Charmander, SquirtleIIIRemake2004Charizard
85%
Pokemon MoonNintendo 3DSRowlet, Litten, PopplioVIIOryginalna gra2016Lunala
83%
Pokemon SunNintendo 3DSRowlet, Litten, PopplioVIIOryginalna gra2016Solgaleo
83%
Pokemon SwordNintendo SwitchGrookey, Scorbunny, SobbleVIIIOryginalna gra2019Zacian
83%
Pokemon Sword Expansion PassNintendo SwitchGrookey, Scorbunny, SobbleVIIEkspansja2020Urshifu & Calyrex
83%
Pokemon ShieldNintendo SwitchGrookey, Scorbunny, SobbleVIIIOryginalna gra2019Zamazenta
82%
Pokemon Shield Expansion PassNintendo SwitchGrookey, Scorbunny, SobbleVIIIEkspansja2020Urshifu & Calyrex
82%
Pokemon SilverGame Boy ColorChikorita, Cyndaquil, TotodileIIOryginalna gra1999Lugia
81%
Pokemon GoldGame Boy ColorChikorita, Cyndaquil, TotodileIIOryginalna gra1999Ho-Oh
80%
Pokemon LeafGreenGame Boy AdvanceBulbasaur, Charmander, SquirtleIIIRemake2004Venusaur
80%
Pokemon BlackNintendo DSSnivy, Tepig, OshawottVOryginalna gra2010Reshiram
79%
Pokemon EmeraldGame Boy AdvanceTreecko, Torchic, MudkipIIIWydanie specjalne2004Rayquaza
79%
Pokemon WhiteNintendo DSSnivy, Tepig, OshawottVOryginalna gra2010Zekrom
79%
Pokemon RubyGame Boy AdvanceTreecko, Torchic, MudkipIIIOryginalna gra2002Groudon
76%
Pokemon SapphireGame Boy AdvanceTreecko, Torchic, MudkipIIIOryginalna gra2002Kyogre
75%
Pokemon Let's Go Eevee!Nintendo SwitchEeveeVIIRemake2018Eevee
74%
Pokemon DiamondNintendo DSTurtwig, Chimchar, PiplupIVOryginalna gra2006Dialga
73%
Pokemon Let's Go Pikachu!Nintendo SwitchPikachuVIIRemake2018Pikachu
73%
Pokemon PearlNintendo DSTurtwig, Chimchar, PiplupIVOryginalna gra2006Palkia
72%
Pokemon Omega RubyNintendo 3DSTreecko, Torchic, MudkipVIRemake2014Pierwotny Groudon
63%
Pokemon Ultra MoonNintendo 3DSRowlet, Litten, PopplioVIIWydanie specjalne2017Necrozma Skrzydeł Świtu
63%
Pokemon Ultra SunNintendo 3DSRowlet, Litten, PopplioVIIWydanie specjalne2017Necrozma Grzywy Zmierzchu
63%
Pokemon Alpha SapphireNintendo 3DSTreecko, Torchic, MudkipVIRemake2014Pierwotny Kyogre
62%
Pokemon CrystalGame Boy ColorChikorita, Cyndaquil, TotodileIIWydanie specjalne2000Suicune
61%
Pokemon Black 2Nintendo DSSnivy, Tepig, OshawottVSequel2012Czarny Kyurem
60%
Pokemon White 2Nintendo DSSnivy, Tepig, OshawottVSequel2012Biały Kyurem
60%
Pokemon SoulSilverNintendo DSChikorita, Cyndaquil, TotodileIVRemake2009Lugia
58%
Pokemon PlatinumNintendo DSTurtwig, Chimchar, PiplupIVWydanie specjalne2008Giratina
56%
Pokemon HeartGoldNintendo DSChikorita, Cyndaquil, TotodileIVRemake2009Ho-Oh
54%
Pokemon Legends: ArceusNintendo SwitchRowlet, Cyndaquil, OshawottVIIIPrequel2022Arceus
51%
Pokemon Brilliant DiamondNintendo SwitchTurtwig, Chimchar, PiplupVIIIRemake2021Dialga
48%
Pokemon Shining PearlNintendo SwitchTurtwig, Chimchar, PiplupVIIIRemake2021Palkia
48%

Rozkład punktacji

Percentyl według liczby udzielonych odpowiedzi

Procent ludzi z każdym wynikiem

Twoja historia wyników

Nie rozwiązałeś tego quizu od ostatniego zresetowania